| 000 | 00608nam a2200169Ia 4500 | ||
|---|---|---|---|
| 005 | 20250424120305.0 | ||
| 008 | 250424s9999 xx 000 0 und d | ||
| 022 | _a21413606 | ||
| 050 | _aP 57 .N6 K35/ | ||
| 245 | 0 | _aKaaki: a journal of english & french studies | |
| 260 | _aKano | ||
| 260 | _bDepartment of English & French Bayero University | ||
| 260 | _c2011 | ||
| 300 | _avii, 266 p. ; 22 cm. | ||
| 650 | _aPhilology--Study and teaching--Nigeria--Periodicals. African literature (English)--History and criticism--Periodicals. Literature, Modern--History and criticism--Periodicals. | ||
| 942 | _cSR | ||
| 999 |
_c38467 _d38467 |
||